Word Scramble- Makeup Products - Statistics

General Stats
  • This quiz has been taken 549 times
  • The average score is 9 of 10
Answer Stats
Hint Answer % Correct
casrama mascara
98%
sulbh blush
96%
kpitiscl lipstick
96%
hgirehlhgti highlighter
93%
odwepr powder
93%
itdfuonna foundation
88%
aeonclcre concealer
79%
ostiurzmei moisturizer
76%
heeawdosy eyeshadow
75%
mpierr primer
72%
No matching quizzes found
Score Distribution
Percent of People with Each Score
Percentile by Number Answered
Your Score History
You have not taken this quiz